LEADER 01342nam a2200277 i 4500 001 000000238408 003 CaOOAMICUS 005 20150129000000.0 008 150129s2013 it u000 u ita u 013 $a217313 020 $a978-88-270-1014-3 040 $aSeMil$bita 245 10$aInventario dell'Archivio storico del Monastero di Sant'Agnese di Perugia :$bsecc. 14.-20. /$ca cura di Giovanna Casagrande e le sorelle clarisse ; con la collaborazione di Andrea Maiarelli. 260 $aAssisi (PG) :$bPorziuncola,$c2013. 300 $aXLV, 85 p. ;$c24 cm. 490 0 $aNova archiva ;$v4 650 4$aPerugia - Monastero di Sant'Agnese - Archivio storico.$0(OLS)http://semarc/subject/42172 700 1 $aMaiarelli, Andrea.$0(OLS)http://semarc/name/42912 700 1 $aCasagrande, Giovanna.$0(OLS)http://semarc/name/81228 830 0$aNova archiva ;$v4.$0(OLS)http://semarc/title/42597 850 $aSeMil 852 $aSeMil$W1$xVenegono$y1$m3P IV 281$j188754$B188754$CSeMilBibl$Z2$F199651 $81 961 $aOmaggio: Di Tolve don Michele 996 $6020$a978-88-270-1014-3$9(OLS)http://semarc/number/244045 996 $6245$aInventario dell'Archivio storico del Monastero di Sant'Agnese di Perugia :$bsecc. 14.-20.$9(OLS)http://semarc/title/339755 996 $6260$aAssisi (PG) :$bPorziuncola$9(OLS)http://semarc/publisher/30584 LEADER 00647nam a2200181 i 4500 001 000000021983 003 CaOOAMICUS 005 20180830125445.0 008 180830s1962 it u000 u ita u 040 $aSeMil$bita 245 10$aStoria delle religioni /$cfondata da Pietro Tacchi Venturi. 250 $a5. edizione. 260 $a[S.l.] :$bUTET,$c1962. 300 $av. ;$c27 cm. 700 1 $aCastellani, Giuseppe.$0(OLS)http://semarc/name/3487 700 1 $aTacchi Venturi, Pietro .$0(OLS)http://semarc/name/89179 996 $6245$aStoria delle religioni$9(OLS)http://semarc/title/2552 996 $6260$a[S.l.] :$bUTET$9(OLS)http://semarc/publisher/35633